La educación cristiana de la conciencia infantil / (Record no. 30284)

MARC details
000 -LEADER
campo de control de longitud fija 00475nam a2200169 i 4500
001 - NÚMERO DE CONTROL
campo de control 30284
003 - IDENTIFICADOR DE NÚMERO DE CONTROL
campo de control ES-MaACL
005 - FECHA Y HORA DE LA ÚLTIMA TRANSACCIÓN
campo de control 20230906154152.0
007 - CAMPO FIJO DE DESCRIPCIÓN FÍSICA--INFORMACIÓN GENERAL
campo de control de longitud fija t|
008 - DATOS DE LONGITUD FIJA--INFORMACIÓN GENERAL
campo de control de longitud fija 030124s1966 sp ||||1| spa d
100 1# - ENTRADA PRINCIPAL--NOMBRE DE PERSONA
Nombre de persona Bassó, Frederic.
9 (RLIN) 26322
245 13 - MENCIÓN DEL TÍTULO
Título La educación cristiana de la conciencia infantil /
Mención de responsabilidad, etc. Federico Bassó.
250 ## - MENCION DE EDICION
Mención de edición [1ª ed.].
260 ## - PUBLICACIÓN, DISTRIBUCIÓN, ETC.
Lugar de publicación, distribución, etc. [Barcelona :
Nombre del editor, distribuidor, etc. Nova Terra,
Fecha de publicación, distribución, etc. 1966]
300 ## - DESCRIPCIÓN FÍSICA
Extensión 25 p. ;
Dimensiones 20 cm.
852 ## - LOCALIZACIÓN
Ubicación ES-MaACL
Número de control de estantería 2048-F-2
Sublocalización o colección R.59954
Holdings
Estatus retirado Estado de pérdida Estado de daño No para préstamo Colección Biblioteca de origen Biblioteca actual Ubicación en estantería Fecha de adquisición Fuente de adquisición Total de préstamos Signatura topográfica completa Código de barras Visto por última vez Precio de reemplazo Tipo de ítem Koha
        Colección de folletos Biblioteca del Ateneo de Madrid Biblioteca del Ateneo de Madrid Depósito folletos 17/01/2008     2048-F-2 1031263 23/02/2023 23/02/2023 Folleto